| 000 | 01157nam a2200241 a 4500 | ||
|---|---|---|---|
| 005 | 20260322212008.0 | ||
| 008 | data | ||
| 099 | _aDVD 996 | ||
| 100 | 1 | _aKazanjian, Howard | |
| 245 | 1 | 0 |
_aStar Wars VI : _bReturn of the Jedi / _c[Lucasfilm Ltd.] ; produced by Howard Kazanjian ; screenplay by Lawrence Kasdan and George Lucas ; story by George Lucas ; directed by Richard Marquand. |
| 260 |
_aBeverly Hills, Calif. : _b 20th Century Fox ; _c[2004]. |
||
| 300 |
_a1 videodisc (ca. 136 min.) : sd., col. ; _b4 3/4 in. |
||
| 500 | _aUpdates include those in the 1997 theatrical release "special edition' with remastered image and sound quality, enhanced special effects and altered soundtrack and scenes by George Lucas. Originally released as a motion picture in 1983. | ||
| 520 | 3 | _aLuke Skywalker rescues his friends, Han Solo and Princess Leia, from Jabba the Hutt, and wages his own battle against Darth Vader. | |
| 650 | 0 | _aScience fiction films | |
| 700 | 1 |
_aLucas, George, _d1944- |
|
| 700 | 1 | _aHamill, Mark. | |
| 700 | 1 |
_aFord, Harrison, _d1942- |
|
| 700 | 1 | _aFisher, Carrie. | |
| 700 | 1 | _aWilliams, Billy Dee | |
| 700 | 1 | _aOz, Frank. | |
| 001 | data | ||
| 999 |
_c150 _d150 |
||